000 00712nam a22002291 4500
001 755708
003 GBCCL
005 20251022140830.0
008 740506s1967 nyu 000 0 eng
040 _aDLC
_cDLC
_dDLC
082 0 0 _a266.0092
_bAND
100 0 _aAndrew,
_cBrother.
_99367
245 1 0 _aGod's smuggler/
_cby Brother Andrew with John and Elizabeth Sherrill.
260 _a[New York]
_bNew American Library
_c[1967]
300 _a240 p.
_c22 cm.
505 _aC.2 (35TH ANNIVERSARY EDITION ), 2001
650 0 _aMissions
_zEurope, Eastern.
_99378
700 1 _aSherrill, John L.
_93179
700 1 _aSherrill, Elizabeth.
_93180
906 _a7
_bcbc
_corignew
_du
_eocip
_f19
_gy-gencatlg
942 _2ddc
_cBK
999 _c5212
_d5212